Participación y colaboración ciudadana en la Administración Agraria / (Registro nro. 160635)

Detalles MARC
000 -LEADER
fixed length control field 01562cam a2200325 i 4500
008 - FIXED-LENGTH DATA ELEMENTS--GENERAL INFORMATION
fixed length control field 050520s2005 sp 00| 0 spa d
020 ## - INTERNATIONAL STANDARD BOOK NUMBER
International Standard Book Number 8473512316
035 ## -
-- 5599
040 ## - CATALOGING SOURCE
Original cataloging agency Mpons
Modifying agency BUS
-- vLex
041 0# -
-- spa
043 ## -
-- esp
090 ## -
-- 2203
-- 2203
100 1# - MAIN ENTRY--PERSONAL NAME
Personal name Fernández García, Amaya.
245 10 - TITLE STATEMENT
Title Participación y colaboración ciudadana en la Administración Agraria /
Statement of responsibility, etc Amaya Fernández García ; prólogo, Francisco Sosa Wagner.
Medium [Recurso electrónico]
256 ## -
-- Servicio en línea.
260 ## - PUBLICATION, DISTRIBUTION, ETC. (IMPRINT)
Place of publication, distribution, etc Madrid :
Name of publisher, distributor, etc Instituto Nacional de Administración Pública,
Date of publication, distribution, etc 2005.
300 ## - PHYSICAL DESCRIPTION
Extent 297 p. ;
Dimensions 24 cm.
490 1# - SERIES STATEMENT
Series statement Estudios / Instituto Nacional de Administración Pública.
506 1# - RESTRICTIONS ON ACCESS NOTE
Terms governing access Contenido solo disponible en los productos indicados
Authorized users vLex Global
-- vLex Global (Academic Edition, excluding Law Schools)
-- vLex Global (U.S. Academic Edition, Law Schools)
-- vLex Global (U.S. Academic Edition, excluding Law Schools)
-- vLex Global (Academic Edition, Law Schools)
650 ## - SUBJECT ADDED ENTRY--TOPICAL TERM
Topical term or geographic name as entry element Administración pública
Source of heading or term Tesauro vLex
650 ## - SUBJECT ADDED ENTRY--TOPICAL TERM
Source of heading or term Tesauro vLex
Topical term or geographic name as entry element Derecho de participación
650 ## - SUBJECT ADDED ENTRY--TOPICAL TERM
Source of heading or term Tesauro vLex
Topical term or geographic name as entry element Participación ciudadana
700 1# - ADDED ENTRY--PERSONAL NAME
Personal name Sosa Wagner, Francisco,
Relator term pr.
710 2# - ADDED ENTRY--CORPORATE NAME
Corporate name or jurisdiction name as entry element Instituto Nacional de Administración Pública (España)
740 0# -
-- vLex Libros (Servicio en línea)
810 2# -
-- Instituto Nacional de Administración Pública.
-- Estudios.
856 40 - LOCALIZACIÓN Y ACCESO ELECTRÓNICO
Identificador Uniforme del Recurso (URI/URL) https://app.vlex.com/#/sources/participacion-colaboracion-ciudadana-administracion-agraria-5599
942 ## -
-- RAA
999 ## -
-- 160635
-- 160635

No hay ítems disponibles.


CONTACTO


NOSOTROS


SITIOS DE INTERES

coordinacion.biblioteca.biblioteca@unienlinea.mx Misión, Visión y Objetivos Bases de datos
Directorio Bibliotecas Digitales y Repositorios
Normatividad Revistas y artículos
Convenios interbibliotecarios
Boletines



Hecho en México. Universidad Insurgentes (UIN). Todos los derechos reservados 2024. Esta página y sus contenidos pueden ser reproducidos con fines no lucrativos, siempre y cuando no se mutile, se cite la fuente completa y su dirección electrónicas. De otra forma requiere permiso previo por escrito de la institución




2024 Copyright Universidad Insurgentes | www.bibliouin.com.mx